1987 Songs - Name the Artist - Statistics

General Stats
  • This quiz has been taken 71 times
  • The average score is 10 of 20
Answer Stats
Song Title Artist/Band % Correct
Faith George Michael
88%
I Still Haven't Found What I'm Looking For U2
81%
Heaven Is a Place on Earth Belinda Carlisle
77%
Need You Tonight INXS
69%
Pour Some Sugar on Me Def Leppard
67%
It's the End of the World as We Know It (And I Feel Fine) R.E.M.
64%
It's a Sin Pet Shop Boys
63%
Nothing's Gonna Stop Us Now Starship
61%
Beds Are Burning Midnight Oil
55%
(I've Had) The Time of My Life Bill Medley & Jennifer Warnes
50%
Rhythm Is Gonna Get You Gloria Estefan & Miami Sound Machine
44%
Luka Suzanne Vega
44%
Alone Heart
41%
Crazy Crazy Nights Kiss
41%
Seven Wonders Fleetwood Mac
36%
Shattered Dreams Johnny Hates Jazz
27%
True Faith New Order
27%
Wonderful Life Black
23%
Living in a Box Living in a Box
23%
Somewhere in My Heart Aztec Camera
20%
No matching quizzes found
Score Distribution
Percent of People with Each Score
Percentile by Number Answered
Your Score History
You have not taken this quiz